000 00394nam a2200145 a 4500
001 000029581
005 20200930055643.0
008 110419s1982 dr a 000 0 spa d
040 _aDO-SdBNP
_bspa
_cBNPHU
082 _axxx
_bC755
245 0 1 _aConsejos a los empleados de comercio.
260 _aSanto Domingo :
_bImpresora Ángel,
_c1982.
300 _a18 p. :
_bil. ;
_c15 cm.
049 _aBNPD
999 _c29073
_d29073